| 000 | 006770000a22002770004500 | ||
|---|---|---|---|
| 650 | _aBotany | ||
| 650 | _aPisusm sativum | ||
| 650 | _aPlant morphology | ||
| 650 | _aTheses | ||
| 651 | _aNepal | ||
| 003 | CKJ | ||
| 004 | GIRI | ||
| 005 | 20120907075327.0 | ||
| 500 | _aBibliography: p. 39-53 | ||
| 082 |
_a581.33 _bK18e _cD |
||
| 518 | _a940902 | ||
| 530 | _aDis | ||
| 100 | _aKayasta, Bandana | ||
| 245 | _aThe effect of IAA, 2, 4-D and kinetin in the vitra morphoganasis of pisum; sativum | ||
| 260 | _aKathmandu, Nepal | ||
| 502 |
_aDissertation _bDegree in Botany, Tribhuvan University |
||
| 260 | _c1980 | ||
| 300 | _a53p. | ||
| 041 | _aEng | ||
| 942 | _cGEN | ||
| 999 |
_c6761 _d6761 |
||